<?xml version="1.0" encoding="UTF-8"?>
<collection xmlns="http://www.loc.gov/MARC21/slim">
<record>
  <controlfield tag="001">366507</controlfield>
  <controlfield tag="005">20260518142613.0</controlfield>
  <datafield tag="024" ind1="7" ind2=" ">
    <subfield code="a">10.1021/acsnano.5c13654</subfield>
    <subfield code="2">doi</subfield>
  </datafield>
  <datafield tag="024" ind1="7" ind2=" ">
    <subfield code="a">1936-0851</subfield>
    <subfield code="2">ISSN</subfield>
  </datafield>
  <datafield tag="024" ind1="7" ind2=" ">
    <subfield code="a">1936-086X</subfield>
    <subfield code="2">ISSN</subfield>
  </datafield>
  <datafield tag="024" ind1="7" ind2=" ">
    <subfield code="a">pmid:41518351</subfield>
    <subfield code="2">pmid</subfield>
  </datafield>
  <datafield tag="024" ind1="7" ind2=" ">
    <subfield code="a">WOS:001659234800001</subfield>
    <subfield code="2">WOS</subfield>
  </datafield>
  <datafield tag="037" ind1=" " ind2=" ">
    <subfield code="a">GSI-2026-00502</subfield>
  </datafield>
  <datafield tag="082" ind1=" " ind2=" ">
    <subfield code="a">540</subfield>
  </datafield>
  <datafield tag="100" ind1="1" ind2=" ">
    <subfield code="a">Gupta, Ashish Kumar</subfield>
    <subfield code="0">P:(DE-HGF)0</subfield>
    <subfield code="b">0</subfield>
  </datafield>
  <datafield tag="245" ind1=" " ind2=" ">
    <subfield code="a">Unveiling Swift Heavy Ion Track Morphology in Sr-Based High-Entropy Perovskites</subfield>
  </datafield>
  <datafield tag="260" ind1=" " ind2=" ">
    <subfield code="a">Washington, DC</subfield>
    <subfield code="c">2026</subfield>
    <subfield code="b">Soc.</subfield>
  </datafield>
  <datafield tag="336" ind1="7" ind2=" ">
    <subfield code="a">article</subfield>
    <subfield code="2">DRIVER</subfield>
  </datafield>
  <datafield tag="336" ind1="7" ind2=" ">
    <subfield code="a">Output Types/Journal article</subfield>
    <subfield code="2">DataCite</subfield>
  </datafield>
  <datafield tag="336" ind1="7" ind2=" ">
    <subfield code="a">Journal Article</subfield>
    <subfield code="b">journal</subfield>
    <subfield code="m">journal</subfield>
    <subfield code="0">PUB:(DE-HGF)16</subfield>
    <subfield code="s">1773823808_568755</subfield>
    <subfield code="2">PUB:(DE-HGF)</subfield>
  </datafield>
  <datafield tag="336" ind1="7" ind2=" ">
    <subfield code="a">ARTICLE</subfield>
    <subfield code="2">BibTeX</subfield>
  </datafield>
  <datafield tag="336" ind1="7" ind2=" ">
    <subfield code="a">JOURNAL_ARTICLE</subfield>
    <subfield code="2">ORCID</subfield>
  </datafield>
  <datafield tag="336" ind1="7" ind2=" ">
    <subfield code="a">Journal Article</subfield>
    <subfield code="0">0</subfield>
    <subfield code="2">EndNote</subfield>
  </datafield>
  <datafield tag="536" ind1=" " ind2=" ">
    <subfield code="a">632 - Materials – Quantum, Complex and Functional Materials (POF4-632)</subfield>
    <subfield code="0">G:(DE-HGF)POF4-632</subfield>
    <subfield code="c">POF4-632</subfield>
    <subfield code="f">POF IV</subfield>
    <subfield code="x">0</subfield>
  </datafield>
  <datafield tag="536" ind1=" " ind2=" ">
    <subfield code="a">6G15 - GSI-MML Ion Facilities (POF4-6G15)</subfield>
    <subfield code="0">G:(DE-HGF)POF4-6G15</subfield>
    <subfield code="c">POF4-6G15</subfield>
    <subfield code="f">POF IV</subfield>
    <subfield code="x">1</subfield>
  </datafield>
  <datafield tag="536" ind1=" " ind2=" ">
    <subfield code="a">FAIR Phase-0 - FAIR Phase-0 Research Program (GSI-FAIR-Phase-0)</subfield>
    <subfield code="0">G:(Ds200)GSI-FAIR-Phase-0</subfield>
    <subfield code="c">GSI-FAIR-Phase-0</subfield>
    <subfield code="x">2</subfield>
  </datafield>
  <datafield tag="588" ind1=" " ind2=" ">
    <subfield code="a">Dataset connected to CrossRef, Journals: repository.gsi.de</subfield>
  </datafield>
  <datafield tag="693" ind1=" " ind2=" ">
    <subfield code="0">EXP:(DE-Ds200)UMat-20221208</subfield>
    <subfield code="5">EXP:(DE-Ds200)UMat-20221208</subfield>
    <subfield code="e">UMat: Material Science Proposals at the UNILAC (Station: M1;M2;M3)</subfield>
    <subfield code="x">0</subfield>
  </datafield>
  <datafield tag="700" ind1="1" ind2=" ">
    <subfield code="a">Zarkadoula, Eva</subfield>
    <subfield code="0">P:(DE-HGF)0</subfield>
    <subfield code="b">1</subfield>
  </datafield>
  <datafield tag="700" ind1="1" ind2=" ">
    <subfield code="a">Musico, Brianna L.</subfield>
    <subfield code="0">P:(DE-HGF)0</subfield>
    <subfield code="b">2</subfield>
  </datafield>
  <datafield tag="700" ind1="1" ind2=" ">
    <subfield code="a">Hachtel, Jordan A.</subfield>
    <subfield code="0">P:(DE-HGF)0</subfield>
    <subfield code="b">3</subfield>
  </datafield>
  <datafield tag="700" ind1="1" ind2=" ">
    <subfield code="a">Roldan, Manuel A.</subfield>
    <subfield code="0">P:(DE-HGF)0</subfield>
    <subfield code="b">4</subfield>
  </datafield>
  <datafield tag="700" ind1="1" ind2=" ">
    <subfield code="a">Paduri, Vikas Reddy</subfield>
    <subfield code="0">P:(DE-HGF)0</subfield>
    <subfield code="b">5</subfield>
  </datafield>
  <datafield tag="700" ind1="1" ind2=" ">
    <subfield code="a">Harris, Colby</subfield>
    <subfield code="0">P:(DE-HGF)0</subfield>
    <subfield code="b">6</subfield>
  </datafield>
  <datafield tag="700" ind1="1" ind2=" ">
    <subfield code="a">Subedi, Ramji</subfield>
    <subfield code="0">P:(DE-HGF)0</subfield>
    <subfield code="b">7</subfield>
  </datafield>
  <datafield tag="700" ind1="1" ind2=" ">
    <subfield code="a">Ziatdinov, Maxim</subfield>
    <subfield code="0">P:(DE-HGF)0</subfield>
    <subfield code="b">8</subfield>
  </datafield>
  <datafield tag="700" ind1="1" ind2=" ">
    <subfield code="a">Kalinin, Sergei V.</subfield>
    <subfield code="0">P:(DE-HGF)0</subfield>
    <subfield code="b">9</subfield>
  </datafield>
  <datafield tag="700" ind1="1" ind2=" ">
    <subfield code="a">Trautmann, Christina</subfield>
    <subfield code="0">P:(DE-Ds200)OR1302</subfield>
    <subfield code="b">10</subfield>
    <subfield code="u">gsi</subfield>
  </datafield>
  <datafield tag="700" ind1="1" ind2=" ">
    <subfield code="a">Keppens, Veerle</subfield>
    <subfield code="0">P:(DE-HGF)0</subfield>
    <subfield code="b">11</subfield>
  </datafield>
  <datafield tag="700" ind1="1" ind2=" ">
    <subfield code="a">Liu, Jie</subfield>
    <subfield code="0">P:(DE-HGF)0</subfield>
    <subfield code="b">12</subfield>
  </datafield>
  <datafield tag="700" ind1="1" ind2=" ">
    <subfield code="a">Zhang, Yanwen</subfield>
    <subfield code="0">P:(DE-HGF)0</subfield>
    <subfield code="b">13</subfield>
  </datafield>
  <datafield tag="700" ind1="1" ind2=" ">
    <subfield code="a">Weber, William J.</subfield>
    <subfield code="0">P:(DE-HGF)0</subfield>
    <subfield code="b">14</subfield>
    <subfield code="e">Corresponding author</subfield>
  </datafield>
  <datafield tag="700" ind1="1" ind2=" ">
    <subfield code="a">Sachan, Ritesh</subfield>
    <subfield code="0">P:(DE-HGF)0</subfield>
    <subfield code="b">15</subfield>
    <subfield code="e">Corresponding author</subfield>
  </datafield>
  <datafield tag="773" ind1=" " ind2=" ">
    <subfield code="a">10.1021/acsnano.5c13654</subfield>
    <subfield code="g">Vol. 20, no. 8, p. 6632 - 6643</subfield>
    <subfield code="0">PERI:(DE-600)2383064-5</subfield>
    <subfield code="n">8</subfield>
    <subfield code="p">6632 - 6643</subfield>
    <subfield code="t">ACS nano</subfield>
    <subfield code="v">20</subfield>
    <subfield code="y">2026</subfield>
    <subfield code="x">1936-0851</subfield>
  </datafield>
  <datafield tag="909" ind1="C" ind2="O">
    <subfield code="o">oai:repository.gsi.de:366507</subfield>
    <subfield code="p">VDB</subfield>
  </datafield>
  <datafield tag="910" ind1="1" ind2=" ">
    <subfield code="a">GSI Helmholtzzentrum für Schwerionenforschung GmbH</subfield>
    <subfield code="0">I:(DE-Ds200)20121206GSI</subfield>
    <subfield code="k">GSI</subfield>
    <subfield code="b">10</subfield>
    <subfield code="6">P:(DE-Ds200)OR1302</subfield>
  </datafield>
  <datafield tag="913" ind1="1" ind2=" ">
    <subfield code="a">DE-HGF</subfield>
    <subfield code="b">Forschungsbereich Materie</subfield>
    <subfield code="l">Von Materie zu Materialien und Leben</subfield>
    <subfield code="1">G:(DE-HGF)POF4-630</subfield>
    <subfield code="0">G:(DE-HGF)POF4-632</subfield>
    <subfield code="3">G:(DE-HGF)POF4</subfield>
    <subfield code="2">G:(DE-HGF)POF4-600</subfield>
    <subfield code="4">G:(DE-HGF)POF</subfield>
    <subfield code="v">Materials – Quantum, Complex and Functional Materials</subfield>
    <subfield code="x">0</subfield>
  </datafield>
  <datafield tag="913" ind1="1" ind2=" ">
    <subfield code="a">DE-HGF</subfield>
    <subfield code="b">Forschungsbereich Materie</subfield>
    <subfield code="l">Großgeräte: Materie</subfield>
    <subfield code="1">G:(DE-HGF)POF4-6G0</subfield>
    <subfield code="0">G:(DE-HGF)POF4-6G15</subfield>
    <subfield code="3">G:(DE-HGF)POF4</subfield>
    <subfield code="2">G:(DE-HGF)POF4-600</subfield>
    <subfield code="4">G:(DE-HGF)POF</subfield>
    <subfield code="v">GSI-MML Ion Facilities</subfield>
    <subfield code="x">1</subfield>
  </datafield>
  <datafield tag="914" ind1="1" ind2=" ">
    <subfield code="y">2026</subfield>
  </datafield>
  <datafield tag="915" ind1=" " ind2=" ">
    <subfield code="a">JCR</subfield>
    <subfield code="0">StatID:(DE-HGF)0100</subfield>
    <subfield code="2">StatID</subfield>
    <subfield code="b">ACS NANO : 2022</subfield>
    <subfield code="d">2025-11-06</subfield>
  </datafield>
  <datafield tag="915" ind1=" " ind2=" ">
    <subfield code="a">DBCoverage</subfield>
    <subfield code="0">StatID:(DE-HGF)0200</subfield>
    <subfield code="2">StatID</subfield>
    <subfield code="b">SCOPUS</subfield>
    <subfield code="d">2025-11-06</subfield>
  </datafield>
  <datafield tag="915" ind1=" " ind2=" ">
    <subfield code="a">DBCoverage</subfield>
    <subfield code="0">StatID:(DE-HGF)0300</subfield>
    <subfield code="2">StatID</subfield>
    <subfield code="b">Medline</subfield>
    <subfield code="d">2025-11-06</subfield>
  </datafield>
  <datafield tag="915" ind1=" " ind2=" ">
    <subfield code="a">DBCoverage</subfield>
    <subfield code="0">StatID:(DE-HGF)0199</subfield>
    <subfield code="2">StatID</subfield>
    <subfield code="b">Clarivate Analytics Master Journal List</subfield>
    <subfield code="d">2025-11-06</subfield>
  </datafield>
  <datafield tag="915" ind1=" " ind2=" ">
    <subfield code="a">DBCoverage</subfield>
    <subfield code="0">StatID:(DE-HGF)1150</subfield>
    <subfield code="2">StatID</subfield>
    <subfield code="b">Current Contents - Physical, Chemical and Earth Sciences</subfield>
    <subfield code="d">2025-11-06</subfield>
  </datafield>
  <datafield tag="915" ind1=" " ind2=" ">
    <subfield code="a">DBCoverage</subfield>
    <subfield code="0">StatID:(DE-HGF)0160</subfield>
    <subfield code="2">StatID</subfield>
    <subfield code="b">Essential Science Indicators</subfield>
    <subfield code="d">2025-11-06</subfield>
  </datafield>
  <datafield tag="915" ind1=" " ind2=" ">
    <subfield code="a">WoS</subfield>
    <subfield code="0">StatID:(DE-HGF)0113</subfield>
    <subfield code="2">StatID</subfield>
    <subfield code="b">Science Citation Index Expanded</subfield>
    <subfield code="d">2025-11-06</subfield>
  </datafield>
  <datafield tag="915" ind1=" " ind2=" ">
    <subfield code="a">DBCoverage</subfield>
    <subfield code="0">StatID:(DE-HGF)0150</subfield>
    <subfield code="2">StatID</subfield>
    <subfield code="b">Web of Science Core Collection</subfield>
    <subfield code="d">2025-11-06</subfield>
  </datafield>
  <datafield tag="915" ind1=" " ind2=" ">
    <subfield code="a">IF >= 15</subfield>
    <subfield code="0">StatID:(DE-HGF)9915</subfield>
    <subfield code="2">StatID</subfield>
    <subfield code="b">ACS NANO : 2022</subfield>
    <subfield code="d">2025-11-06</subfield>
  </datafield>
  <datafield tag="920" ind1=" " ind2=" ">
    <subfield code="l">yes</subfield>
  </datafield>
  <datafield tag="920" ind1="1" ind2=" ">
    <subfield code="0">I:(DE-Ds200)MAT-20051214OR025</subfield>
    <subfield code="k">MAT</subfield>
    <subfield code="l">Materialforschung</subfield>
    <subfield code="x">0</subfield>
  </datafield>
  <datafield tag="980" ind1=" " ind2=" ">
    <subfield code="a">journal</subfield>
  </datafield>
  <datafield tag="980" ind1=" " ind2=" ">
    <subfield code="a">VDB</subfield>
  </datafield>
  <datafield tag="980" ind1=" " ind2=" ">
    <subfield code="a">I:(DE-Ds200)MAT-20051214OR025</subfield>
  </datafield>
  <datafield tag="980" ind1=" " ind2=" ">
    <subfield code="a">UNRESTRICTED</subfield>
  </datafield>
</record>
</collection>